| 000 | 00540nmm a2200169Ia 4500 | ||
|---|---|---|---|
| 008 | 251105s9999||||xx |||||||||||||||||und|| | ||
| 020 | _a9788481028973 | ||
| 041 | _aspa | ||
| 100 | _aVincenzini, Andrea | ||
| 245 | 0 | _aEl Guadiana neoliberal : del "New Deal" a la "Gran Recesión" | |
| 264 |
_a[Madrid, España] : _bEdiciones Universidad de Cantabria, _c2019 |
||
| 300 | _a366 páginas | ||
| 490 | _aCiencias Sociales | ||
| 650 | _aPolitical Science (General) | ||
| 856 | _uhttps://public.digitaliapublishing.com/a/63129 | ||
| 942 | _cCF | ||
| 999 |
_c85771 _d85771 |
||